[Event "DVM U16w 2023"]
[Site "Magdeburg GER"]
[Date "2023.12.28"]
[Round "4"]
[White "Dzutseva, Alana"]
[Black "Senthilkumar, Vasanthi"]
[Result "1-0"]
[Termination "normal"]
[Board "10.3"]
[WhiteElo "897"]
[BlackElo "792"]
[WhiteClock "00:56:53"]
[BlackClock "01:26:26"]
[WhiteTeam "SC Bad Dürkheim-Wachenheim"]
[BlackTeam "SK Freiburg-Zähringen 1887"]
[PlyCount "49"]
[WhiteFideId "34674365"]
[BlackFideId "34682511"]
[EventCountry "GER"]
[EventRounds "7"]
[EventType "team-swiss"]
[EventDate "2023.12.26"]

1. e4 {[%clk 01:30:58]} {[%emt 00:00:02]} e5 {[%clk 01:30:51]} {[%emt
00:00:09]} 2. Nf3 {[%clk 01:31:24]} {[%emt 00:00:04]} Nc6 {[%clk 01:31:12]}
{[%emt 00:00:09]} 3. Nc3 {[%clk 01:31:47]} {[%emt 00:00:08]} Bc5 {[%clk
01:31:23]} {[%emt 00:00:18]} 4. Nxe5 {[%clk 01:31:44]} {[%emt 00:00:33]} Nxe5
{[%clk 01:31:38]} {[%emt 00:00:15]} 5. d4 {[%clk 01:32:06]} {[%emt 00:00:08]}
Nc6 {[%clk 01:31:44]} {[%emt 00:00:24]} 6. dxc5 {[%clk 01:32:26]} {[%emt
00:00:10]} Nf6 {[%clk 01:31:25]} {[%emt 00:00:51]} 7. Bg5 {[%clk 01:32:12]}
{[%emt 00:00:42]} h6 {[%clk 01:31:37]} {[%emt 00:00:17]} 8. Be3 {[%clk
01:28:39]} {[%emt 00:04:03]} O-O {[%clk 01:31:41]} {[%emt 00:00:26]} 9. Bc4
{[%clk 01:26:33]} {[%emt 00:02:35]} d6 {[%clk 01:30:40]} {[%emt 00:01:31]} 10.
O-O {[%clk 01:23:33]} {[%emt 00:03:32]} Qe7 {[%clk 01:29:46]} {[%emt 00:01:24]}
11. Nd5 {[%clk 01:17:31]} {[%emt 00:07:20]} Nxd5 {[%clk 01:29:58]} {[%emt
00:00:27]} 12. exd5 {[%clk 01:17:32]} {[%emt 00:00:31]} Na5 {[%clk 01:30:14]}
{[%emt 00:00:15]} 13. cxd6 {[%clk 01:16:34]} {[%emt 00:01:27]} Qxd6 {[%clk
01:30:08]} {[%emt 00:00:37]} 14. Bd3 {[%clk 01:16:06]} {[%emt 00:00:58]} Re8
{[%clk 01:30:05]} {[%emt 00:00:31]} 15. Re1 {[%clk 01:15:27]} {[%emt 00:01:10]}
Bd7 {[%clk 01:30:02]} {[%emt 00:00:33]} 16. c3 {[%clk 01:14:01]} {[%emt
00:01:56]} Re5 {[%clk 01:29:42]} {[%emt 00:00:47]} 17. c4 {[%clk 01:08:43]}
{[%emt 00:05:51]} Rae8 {[%clk 01:29:49]} {[%emt 00:00:22]} 18. Rb1 {[%clk
01:06:56]} {[%emt 00:02:17]} Qf6 {[%clk 01:28:54]} {[%emt 00:01:25]} 19. b4
{[%clk 01:04:39]} {[%emt 00:02:48]} Nc6 {[%clk 01:28:43]} {[%emt 00:00:40]} 20.
dxc6 {[%clk 01:04:27]} {[%emt 00:00:43]} bxc6 {[%clk 01:28:20]} {[%emt
00:00:53]} 21. Rf1 {[%clk 00:59:51]} {[%emt 00:05:05]} a6 {[%clk 01:27:53]}
{[%emt 00:00:59]} 22. Bc2 {[%clk 00:59:07]} {[%emt 00:01:11]} Be6 {[%clk
01:26:32]} {[%emt 00:01:52]} 23. Bd4 {[%emt 00:01:19]} Rd8 {[%clk 01:26:20]}
{[%emt 00:00:02]} 24. Bxe5 {[%clk 00:56:49]} {[%emt 00:02:41]} Qxe5 {[%clk
01:26:26]} {[%emt 00:00:22]} 25. Qxd8# {[%clk 00:56:53]} {[%emt 00:00:19]} 1-0

[Event "DVM U16w 2023"]
[Site "Magdeburg GER"]
[Date "2023.12.28"]
[Round "4"]
[White "Shrikrishna, Aradhana"]
[Black "Dzutseva, Dana"]
[Result "0-1"]
[Termination "normal"]
[Board "10.4"]
[WhiteElo "742"]
[BlackElo "797"]
[WhiteClock "01:26:11"]
[BlackClock "01:32:10"]
[WhiteTeam "SK Freiburg-Zähringen 1887"]
[BlackTeam "SC Bad Dürkheim-Wachenheim"]
[PlyCount "46"]
[WhiteFideId "34682520"]
[BlackFideId "34674373"]
[EventCountry "GER"]
[EventRounds "7"]
[EventType "team-swiss"]
[EventDate "2023.12.26"]

1. e4 {[%emt 00:00:02]} e5 {[%emt 00:00:07]} 2. Nf3 {[%clk 01:30:38]} {[%emt
00:00:11]} Nc6 {[%clk 01:30:53]} {[%emt 00:00:08]} 3. Bc4 {[%emt 00:00:15]} Nf6
{[%emt 00:00:13]} 4. Nc3 {[%clk 01:30:21]} {[%emt 00:00:20]} Nxe4 {[%clk
01:31:09]} {[%emt 00:00:14]} 5. Nxe4 {[%clk 01:30:23]} {[%emt 00:00:27]} d5
{[%clk 01:31:30]} {[%emt 00:00:08]} 6. Ng3 {[%clk 01:30:17]} {[%emt 00:00:21]}
dxc4 {[%clk 01:31:59]} 7. d3 {[%clk 01:30:31]} {[%emt 00:00:32]} cxd3 {[%clk
01:32:09]} {[%emt 00:00:21]} 8. Qxd3 {[%clk 01:30:17]} {[%emt 00:00:44]} Qxd3
{[%clk 01:32:27]} {[%emt 00:00:11]} 9. cxd3 {[%clk 01:30:14]} {[%emt 00:00:33]}
Bc5 {[%clk 01:32:31]} {[%emt 00:00:25]} 10. d4 {[%clk 01:29:23]} {[%emt
00:01:11]} exd4 {[%clk 01:32:49]} {[%emt 00:00:24]} 11. O-O {[%clk 01:29:14]}
{[%emt 00:00:34]} O-O {[%clk 01:33:02]} {[%emt 00:00:21]} 12. Re1 {[%clk
01:28:41]} {[%emt 00:00:27]} Bg4 {[%clk 01:32:47]} {[%emt 00:01:21]} 13. Nd2
{[%clk 01:28:44]} {[%emt 00:00:25]} Rae8 {[%clk 01:32:47]} {[%emt 00:00:33]}
14. Rf1 {[%emt 00:00:29]} d3 {[%emt 00:00:38]} 15. Nb3 {[%clk 01:27:15]} {[%emt
00:00:24]} Bd6 {[%clk 01:32:26]} {[%emt 00:01:17]} 16. Bd2 {[%clk 01:26:36]}
{[%emt 00:00:23]} Bxg3 {[%clk 01:31:56]} {[%emt 00:01:46]} 17. hxg3 {[%clk
01:26:57]} {[%emt 00:00:10]} Re2 {[%clk 01:31:11]} {[%emt 00:01:15]} 18. Rfe1
{[%clk 01:26:34]} {[%emt 00:00:30]} Rfe8 {[%clk 01:31:14]} {[%emt 00:00:50]}
19. Nc1 {[%clk 01:26:24]} {[%emt 00:00:33]} Rxe1+ {[%clk 01:31:25]} {[%emt
00:00:26]} 20. Bxe1 {[%clk 01:26:24]} {[%emt 00:00:30]} Rxe1+ {[%clk 01:31:43]}
{[%emt 00:00:11]} 21. Nb3 {[%clk 01:26:28]} {[%emt 00:00:24]} Rxa1+ {[%clk
01:31:30]} {[%emt 00:00:21]} 22. Nxa1 {[%clk 01:26:40]} {[%emt 00:00:42]} d2
{[%clk 01:31:49]} {[%emt 00:00:12]} 23. Kf1 {[%clk 01:26:11]} {[%emt 00:00:47]}
d1=Q# {[%clk 01:32:10]} {[%emt 00:00:20]} 0-1

[Event "DVM U16w 2023"]
[Site "Magdeburg GER"]
[Date "2023.12.29"]
[Round "5"]
[White "Moldovan, Tatiana"]
[Black "Trunz, Tamila"]
[Result "0-1"]
[Termination "normal"]
[Board "1.1"]
[WhiteElo "1590"]
[BlackElo "1766"]
[WhiteClock "00:11:02"]
[BlackClock "00:14:29"]
[WhiteTeam "SG Königskinder Hohentübingen"]
[BlackTeam "SG Porz"]
[PlyCount "82"]
[WhiteFideId "16287398"]
[BlackFideId "16267885"]
[EventCountry "GER"]
[EventRounds "7"]
[EventType "team-swiss"]
[EventDate "2023.12.26"]

1. e4 {[%clk 01:30:56]} {[%emt 00:00:04]} c5 {[%clk 01:30:34]} {[%emt
00:00:26]} 2. Nc3 {[%clk 01:31:16]} {[%emt 00:00:11]} e6 {[%clk 01:30:54]}
{[%emt 00:00:10]} 3. f4 {[%clk 01:30:38]} {[%emt 00:01:08]} Nc6 {[%clk
01:18:01]} {[%emt 00:13:22]} 4. Nf3 {[%clk 01:27:05]} {[%emt 00:04:04]} d5
{[%clk 01:14:10]} {[%emt 00:04:21]} 5. Bb5 {[%clk 01:25:24]} {[%emt 00:02:11]}
Nf6 {[%clk 01:05:55]} {[%emt 00:08:46]} 6. e5 {[%clk 01:15:00]} {[%emt
00:10:53]} Nd7 {[%clk 01:02:03]} {[%emt 00:04:21]} 7. Bxc6 {[%clk 01:06:13]}
{[%emt 00:09:17]} bxc6 {[%clk 01:02:26]} {[%emt 00:00:08]} 8. d3 {[%clk
01:06:24]} {[%emt 00:00:19]} Rb8 {[%clk 00:56:24]} {[%emt 00:06:32]} 9. O-O
{[%clk 00:53:04]} {[%emt 00:13:49]} g6 {[%clk 00:53:01]} {[%emt 00:03:54]} 10.
a3 {[%clk 00:48:10]} {[%emt 00:05:24]} Bg7 {[%clk 00:50:38]} {[%emt 00:02:54]}
11. Qe2 {[%clk 00:47:44]} {[%emt 00:00:56]} O-O {[%clk 00:49:41]} {[%emt
00:01:25]} 12. Rb1 {[%clk 00:46:29]} {[%emt 00:01:45]} Qc7 {[%clk 00:47:25]}
{[%emt 00:02:46]} 13. Re1 {[%clk 00:44:44]} {[%emt 00:02:16]} f6 {[%clk
00:46:22]} {[%emt 00:01:33]} 14. Bd2 {[%clk 00:40:53]} {[%emt 00:04:20]} fxe5
{[%clk 00:44:40]} {[%emt 00:02:12]} 15. fxe5 {[%clk 00:41:00]} {[%emt
00:00:23]} h6 {[%clk 00:33:45]} {[%emt 00:11:26]} 16. Na4 {[%clk 00:31:23]}
{[%emt 00:10:07]} Ba6 {[%clk 00:32:45]} {[%emt 00:01:30]} 17. b3 {[%clk
00:22:06]} {[%emt 00:09:47]} Rf5 {[%clk 00:25:39]} {[%emt 00:07:36]} 18. g3
{[%clk 00:18:22]} {[%emt 00:04:14]} Rbf8 {[%clk 00:20:16]} {[%emt 00:05:52]}
19. Nh4 {[%clk 00:17:01]} {[%emt 00:01:51]} Rf2 {[%clk 00:17:27]} {[%emt
00:03:19]} 20. Qxf2 {[%clk 00:17:06]} {[%emt 00:00:26]} Rxf2 {[%clk 00:17:51]}
{[%emt 00:00:06]} 21. Kxf2 {[%clk 00:17:32]} {[%emt 00:00:04]} Nxe5 {[%clk
00:17:04]} {[%emt 00:01:17]} 22. Nf3 {[%clk 00:15:45]} {[%emt 00:02:16]} Qf7
{[%clk 00:17:10]} {[%emt 00:00:25]} 23. Bf4 {[%clk 00:14:37]} {[%emt 00:01:38]}
Nxf3 {[%clk 00:17:20]} {[%emt 00:00:19]} 24. Kxf3 {[%emt 00:00:26]} g5 {[%clk
00:17:21]} {[%emt 00:00:27]} 25. Nxc5 {[%clk 00:14:34]} {[%emt 00:00:40]} Bc8
{[%clk 00:17:28]} {[%emt 00:00:22]} 26. Rf1 {[%clk 00:13:26]} {[%emt 00:01:38]}
gxf4 {[%clk 00:17:33]} {[%emt 00:00:26]} 27. gxf4 {[%clk 00:13:45]} {[%emt
00:00:11]} e5 {[%clk 00:17:00]} {[%emt 00:01:02]} 28. Ke2 {[%clk 00:11:38]}
exf4 {[%clk 00:17:08]} {[%emt 00:02:59]} 29. b4 {[%emt 00:01:43]} Qe7+ {[%emt
00:01:31]} 30. Kf3 {[%clk 00:10:03]} Qe3+ {[%clk 00:17:10]} {[%emt 00:00:18]}
31. Kg2 {[%clk 00:10:04]} {[%emt 00:00:30]} Bh3+ {[%clk 00:16:59]} {[%emt
00:00:41]} 32. Kh1 {[%clk 00:10:28]} {[%emt 00:00:06]} Bxf1 {[%clk 00:17:17]}
{[%emt 00:00:12]} 33. Rxf1 {[%clk 00:10:52]} {[%emt 00:00:07]} Bd4 {[%clk
00:16:56]} {[%emt 00:00:50]} 34. Nb3 {[%clk 00:10:49]} {[%emt 00:00:34]} Bb6
{[%clk 00:16:06]} {[%emt 00:01:18]} 35. Nc1 {[%clk 00:10:04]} {[%emt 00:01:16]}
f3 {[%clk 00:16:10]} {[%emt 00:00:26]} 36. h3 {[%clk 00:10:05]} {[%emt
00:00:29]} f2 {[%clk 00:16:25]} {[%emt 00:00:16]} 37. Kg2 {[%clk 00:10:26]}
{[%emt 00:00:09]} Qg5+ {[%clk 00:14:30]} {[%emt 00:02:24]} 38. Kf3 {[%clk
00:10:42]} {[%emt 00:00:15]} h5 {[%clk 00:14:23]} {[%emt 00:00:36]} 39. Ne2
{[%clk 00:10:49]} {[%emt 00:00:24]} Qe3+ {[%clk 00:14:37]} {[%emt 00:00:15]}
40. Kg2 {[%clk 00:10:54]} {[%emt 00:00:25]} Qxe2 {[%clk 00:14:59]} {[%emt
00:00:07]} 41. Rb1 {[%clk 00:11:02]} {[%emt 00:00:22]} f1=N+ {[%clk 00:14:29]}
{[%emt 00:01:02]} 0-1

[Event "DVM U16w 2023"]
[Site "Magdeburg GER"]
[Date "2023.12.29"]
[Round "5"]
[White "Neumann, Helena"]
[Black "Moldovan, Stela"]
[Result "1-0"]
[Termination "normal"]
[Board "1.2"]
[WhiteElo "1584"]
[BlackElo "1573"]
[WhiteClock "01:15:06"]
[BlackClock "00:40:31"]
[WhiteTeam "SG Porz"]
[BlackTeam "SG Königskinder Hohentübingen"]
[PlyCount "120"]
[WhiteFideId "16275365"]
[BlackFideId "16287380"]
[EventCountry "GER"]
[EventRounds "7"]
[EventType "team-swiss"]
[EventDate "2023.12.26"]

1. e4 {[%clk 01:30:58]} {[%emt 00:00:01]} c6 {[%clk 01:30:42]} {[%emt
00:00:19]} 2. d4 {[%clk 01:31:20]} {[%emt 00:00:08]} d5 {[%clk 01:31:03]}
{[%emt 00:00:09]} 3. Nc3 {[%clk 01:30:31]} {[%emt 00:01:19]} dxe4 {[%clk
01:31:06]} {[%emt 00:00:27]} 4. Nxe4 {[%clk 01:30:57]} {[%emt 00:00:04]} Nf6
{[%clk 01:31:29]} {[%emt 00:00:07]} 5. Nxf6+ {[%clk 01:31:23]} {[%emt
00:00:05]} exf6 {[%clk 01:31:51]} {[%emt 00:00:07]} 6. Bd3 {[%clk 01:31:46]}
{[%emt 00:00:07]} Qxd4 {[%clk 01:30:46]} {[%emt 00:01:36]} 7. Nf3 {[%clk
01:31:34]} {[%emt 00:00:41]} Bb4+ {[%clk 01:27:11]} {[%emt 00:04:05]} 8. Bd2
{[%clk 01:29:20]} {[%emt 00:02:44]} Bxd2+ {[%clk 01:26:19]} {[%emt 00:01:22]}
9. Qxd2 {[%clk 01:29:46]} {[%emt 00:00:05]} Qxb2 {[%clk 01:26:25]} {[%emt
00:00:23]} 10. Qe2+ {[%clk 01:30:11]} {[%emt 00:00:05]} Be6 {[%clk 01:25:55]}
{[%emt 00:01:00]} 11. O-O {[%clk 01:30:35]} {[%emt 00:00:06]} O-O {[%clk
01:23:10]} {[%emt 00:03:15]} 12. Rab1 {[%clk 01:28:12]} {[%emt 00:02:53]} Qxa2
{[%clk 01:20:03]} {[%emt 00:03:36]} 13. Rxb7 {[%clk 01:28:37]} {[%emt
00:00:06]} Nd7 {[%clk 01:15:50]} {[%emt 00:04:43]} 14. Qe4 {[%clk 01:28:18]}
{[%emt 00:00:49]} f5 {[%clk 01:09:37]} {[%emt 00:06:42]} 15. Qxc6 {[%clk
01:26:34]} {[%emt 00:02:14]} Rfc8 {[%clk 01:07:37]} {[%emt 00:02:30]} 16. Rc7
{[%clk 01:24:35]} {[%emt 00:02:30]} Rxc7 {[%clk 01:06:42]} {[%emt 00:01:26]}
17. Qxa8+ {[%clk 01:24:58]} {[%emt 00:00:07]} Nf8 {[%clk 01:07:08]} {[%emt
00:00:03]} 18. Nd4 {[%clk 01:14:51]} {[%emt 00:10:37]} Bd5 {[%clk 01:05:44]}
{[%emt 00:01:54]} 19. Qe8 {[%clk 01:14:33]} {[%emt 00:00:48]} g6 {[%clk
00:58:32]} {[%emt 00:07:42]} 20. Qe5 {[%clk 01:14:40]} {[%emt 00:00:22]} Rb7
{[%clk 00:57:35]} {[%emt 00:01:26]} 21. Nb5 {[%clk 01:14:33]} {[%emt 00:00:38]}
Bc6 {[%clk 00:51:23]} {[%emt 00:06:42]} 22. Nd6 {[%clk 01:10:01]} {[%emt
00:05:03]} Rb1 {[%clk 00:50:04]} {[%emt 00:01:49]} 23. Nc8 {[%clk 01:10:16]}
{[%emt 00:00:15]} Rxf1+ {[%emt 00:01:09]} 24. Bxf1 {[%clk 01:10:40]} {[%emt
00:00:02]} Nd7 {[%clk 00:49:11]} {[%emt 00:00:48]} 25. Ne7+ {[%clk 01:11:05]}
{[%emt 00:00:05]} Kf8 {[%clk 00:49:17]} {[%emt 00:00:23]} 26. Qd6 {[%clk
01:11:19]} {[%emt 00:00:16]} Ba4 {[%clk 00:48:13]} {[%emt 00:01:34]} 27. Nc6+
{[%clk 01:11:30]} {[%emt 00:00:20]} Kg8 {[%clk 00:47:55]} {[%emt 00:00:30]} 28.
Qxd7 {[%clk 01:11:16]} {[%emt 00:01:02]} Qxc2 {[%clk 00:48:01]} {[%emt
00:00:24]} 29. Qd8+ {[%clk 01:10:45]} {[%emt 00:01:01]} Kg7 {[%clk 00:48:20]}
{[%emt 00:00:12]} 30. Qd4+ {[%clk 01:10:17]} {[%emt 00:00:57]} Kg8 {[%clk
00:48:04]} {[%emt 00:00:45]} 31. Nxa7 {[%clk 01:10:22]} {[%emt 00:00:27]} Qd1
{[%clk 00:47:26]} {[%emt 00:01:07]} 32. Qxd1 {[%clk 01:08:34]} {[%emt
00:02:17]} Bxd1 {[%clk 00:47:51]} {[%emt 00:00:06]} 33. Bc4 {[%clk 01:09:00]}
{[%emt 00:00:04]} Kg7 {[%clk 00:47:44]} {[%emt 00:00:37]} 34. Nb5 {[%clk
01:09:24]} {[%emt 00:00:05]} h5 {[%clk 00:47:04]} {[%emt 00:01:11]} 35. Nd6
{[%clk 01:09:47]} {[%emt 00:00:06]} f6 {[%clk 00:47:27]} {[%emt 00:00:07]} 36.
Ne8+ {[%clk 01:10:14]} {[%emt 00:00:04]} Kf8 {[%clk 00:47:23]} {[%emt
00:00:33]} 37. Nxf6 {[%clk 01:10:39]} {[%emt 00:00:06]} Ba4 {[%clk 00:47:26]}
{[%emt 00:00:27]} 38. f4 {[%clk 01:09:34]} {[%emt 00:01:34]} Kg7 {[%clk
00:47:24]} {[%emt 00:00:33]} 39. Nd5 {[%clk 01:09:47]} {[%emt 00:00:17]} Kh6
{[%clk 00:47:38]} {[%emt 00:00:16]} 40. Ne3 {[%emt 00:02:57]} Bd7 {[%clk
00:46:20]} 41. h4 {[%clk 01:09:11]} {[%emt 00:00:26]} Kg7 {[%clk 00:46:23]}
{[%emt 00:00:27]} 42. Kf2 {[%clk 01:09:37]} {[%emt 00:00:04]} Kf8 {[%clk
00:46:13]} {[%emt 00:00:40]} 43. Ke2 {[%clk 01:10:02]} {[%emt 00:00:05]} Ke7
{[%clk 00:46:08]} {[%emt 00:00:36]} 44. Kd3 {[%clk 01:10:28]} {[%emt 00:00:04]}
Be8 {[%clk 00:46:11]} {[%emt 00:00:26]} 45. Kd4 {[%clk 01:10:53]} {[%emt
00:00:05]} Kd6 {[%clk 00:46:25]} {[%emt 00:00:17]} 46. Ba2 {[%clk 01:11:13]}
{[%emt 00:00:10]} Ke7 {[%clk 00:45:41]} {[%emt 00:01:10]} 47. Ke5 {[%clk
01:11:37]} {[%emt 00:00:09]} Kf8 {[%clk 00:44:03]} {[%emt 00:02:09]} 48. Kf6
{[%clk 01:11:53]} {[%emt 00:00:13]} g5 {[%clk 00:40:31]} {[%emt 00:04:02]} 49.
Kxg5 {[%clk 01:12:01]} {[%emt 00:00:22]} Kg7 {[%clk 00:39:56]} {[%emt
00:01:05]} 50. Nxf5+ {[%clk 01:12:24]} {[%emt 00:00:08]} Kh8 {[%clk 00:40:21]}
{[%emt 00:00:05]} 51. Nd6 {[%clk 01:12:43]} {[%emt 00:00:11]} Bg6 {[%clk
00:40:30]} {[%emt 00:00:21]} 52. f5 {[%clk 01:12:23]} {[%emt 00:00:49]} Be8
{[%clk 00:38:31]} {[%emt 00:02:30]} 53. Nxe8 {[%clk 01:12:40]} {[%emt
00:00:13]} Kh7 {[%clk 00:38:59]} {[%emt 00:00:02]} 54. Bb1 {[%clk 01:13:00]}
{[%emt 00:00:09]} Kg8 {[%clk 00:39:14]} {[%emt 00:00:15]} 55. f6 {[%clk
01:13:13]} {[%emt 00:00:17]} Kf7 {[%clk 00:39:36]} {[%emt 00:00:09]} 56. Ba2+
{[%clk 01:13:36]} {[%emt 00:00:08]} Kf8 {[%clk 00:39:52]} {[%emt 00:00:14]} 57.
Kg6 {[%clk 01:13:54]} {[%emt 00:00:11]} Kxe8 {[%clk 00:40:02]} {[%emt
00:00:20]} 58. Kg7 {[%clk 01:14:19]} {[%emt 00:00:05]} Kd7 {[%clk 00:40:14]}
{[%emt 00:00:17]} 59. f7 {[%clk 01:14:46]} {[%emt 00:00:04]} Kc6 {[%emt
00:00:30]} 60. f8=Q {[%clk 01:15:06]} Kc7 {[%clk 00:40:31]} {[%emt 00:00:23]}
1-0

[Event "DVM U16w 2023"]
[Site "Magdeburg GER"]
[Date "2023.12.29"]
[Round "5"]
[White "Agalykova, Angelina"]
[Black "Brandt, Clara"]
[Result "1-0"]
[Termination "normal"]
[Board "1.3"]
[WhiteElo "1542"]
[BlackElo "1267"]
[WhiteClock "00:04:03"]
[BlackClock "00:01:57"]
[WhiteTeam "SG Königskinder Hohentübingen"]
[BlackTeam "SG Porz"]
[PlyCount "63"]
[WhiteFideId "13809571"]
[BlackFideId "34614737"]
[EventCountry "GER"]
[EventRounds "7"]
[EventType "team-swiss"]
[EventDate "2023.12.26"]

1. e4 {[%clk 01:30:56]} {[%emt 00:00:04]} c6 {[%clk 01:30:55]} {[%emt
00:00:06]} 2. d4 {[%clk 01:31:20]} {[%emt 00:00:06]} d5 {[%clk 01:31:21]}
{[%emt 00:00:04]} 3. exd5 {[%clk 01:31:45]} {[%emt 00:00:05]} cxd5 {[%clk
01:31:45]} {[%emt 00:00:07]} 4. c4 {[%clk 01:32:09]} {[%emt 00:00:05]} Nf6
{[%clk 01:32:11]} {[%emt 00:00:04]} 5. Nc3 {[%clk 01:32:24]} {[%emt 00:00:14]}
g6 {[%clk 01:32:36]} {[%emt 00:00:06]} 6. Qb3 {[%clk 01:32:14]} {[%emt
00:00:40]} Bg7 {[%clk 01:32:58]} {[%emt 00:00:08]} 7. cxd5 {[%clk 01:32:24]}
{[%emt 00:00:20]} O-O {[%clk 01:33:16]} {[%emt 00:00:12]} 8. Bc4 {[%clk
01:27:45]} {[%emt 00:05:09]} Nbd7 {[%clk 01:30:07]} {[%emt 00:03:38]} 9. Nf3
{[%clk 01:22:30]} {[%emt 00:05:46]} Nb6 {[%clk 01:28:15]} {[%emt 00:02:21]} 10.
O-O {[%clk 01:20:35]} {[%emt 00:02:25]} Bf5 {[%clk 01:25:07]} {[%emt 00:03:37]}
11. Re1 {[%clk 01:15:25]} {[%emt 00:05:41]} Rc8 {[%clk 01:17:17]} {[%emt
00:08:20]} 12. Ne5 {[%clk 01:04:41]} {[%emt 00:11:14]} Nxc4 {[%clk 00:55:07]}
{[%emt 00:22:39]} 13. Nxc4 {[%clk 01:04:58]} {[%emt 00:00:14]} Nxd5 {[%clk
00:48:17]} {[%emt 00:07:20]} 14. Bg5 {[%clk 00:41:14]} {[%emt 00:24:15]} Bf6
{[%clk 00:41:11]} {[%emt 00:07:35]} 15. Bxf6 {[%clk 00:38:25]} {[%emt
00:03:20]} exf6 {[%clk 00:39:28]} {[%emt 00:02:12]} 16. Nxd5 {[%clk 00:35:53]}
{[%emt 00:03:02]} Qxd5 {[%clk 00:39:25]} {[%emt 00:00:33]} 17. Ne3 {[%clk
00:34:21]} {[%emt 00:02:03]} Qxd4 {[%clk 00:30:43]} {[%emt 00:09:12]} 18. Nxf5
{[%clk 00:33:12]} {[%emt 00:01:38]} gxf5 {[%clk 00:30:58]} {[%emt 00:00:16]}
19. Rad1 {[%clk 00:30:27]} {[%emt 00:03:15]} Qc4 {[%clk 00:26:31]} {[%emt
00:04:56]} 20. Qxb7 {[%clk 00:17:34]} {[%emt 00:13:24]} Qxa2 {[%clk 00:25:57]}
{[%emt 00:01:03]} 21. Ra1 {[%clk 00:15:59]} {[%emt 00:02:05]} Qc4 {[%clk
00:25:29]} {[%emt 00:00:58]} 22. b3 {[%clk 00:11:08]} {[%emt 00:05:22]} Rc7
{[%clk 00:21:25]} {[%emt 00:04:33]} 23. Qf3 {[%clk 00:10:16]} {[%emt 00:01:23]}
Qg4 {[%clk 00:17:30]} {[%emt 00:04:23]} 24. Qd3 {[%clk 00:08:10]} {[%emt
00:02:35]} Rfc8 {[%clk 00:11:58]} {[%emt 00:06:03]} 25. h3 {[%clk 00:07:59]}
{[%emt 00:00:42]} Qb4 {[%clk 00:08:52]} {[%emt 00:03:33]} 26. Qxf5 {[%clk
00:07:14]} {[%emt 00:01:18]} Qxb3 {[%clk 00:08:39]} {[%emt 00:00:43]} 27. Re3
{[%clk 00:06:11]} {[%emt 00:01:33]} Qb6 {[%clk 00:04:25]} {[%emt 00:04:41]} 28.
Ra4 {[%clk 00:04:12]} {[%emt 00:02:33]} Rc1+ {[%clk 00:02:52]} {[%emt
00:02:02]} 29. Kh2 {[%clk 00:04:33]} {[%emt 00:00:09]} Qd6+ {[%clk 00:02:59]}
{[%emt 00:00:23]} 30. Rg3+ {[%clk 00:04:55]} {[%emt 00:00:09]} Kf8 {[%clk
00:03:04]} {[%emt 00:00:25]} 31. Qxh7 {[%clk 00:04:20]} {[%emt 00:01:04]} R1c7
{[%clk 00:01:57]} {[%emt 00:01:37]} 32. Re4 {[%clk 00:04:03]} {[%emt 00:00:46]}
1-0